000 00603cam a22002291 4500
001 ne 64001277
003 DLC
005 20260227111800.0
008 890514s1963 tu 000 0 tur
010 _ane 64001277
035 _a(OCoLC)23542166
040 _aDLC
_cMiU
_dDLC
042 _apremarc
043 _aa-tu---
050 0 0 _aBP130.6
_b.C8
100 1 _aÇoĝal, H. Cumah.
245 1 0 _aKelâmî divanı.
260 _aİstanbul,
_bNuruosmaniye Matbaası,
_c1963.
300 _a157 p.
_c17 cm.
630 0 0 _aQurʼan
_xCriticism, interpretation, etc.
650 0 _aIslamic sermons, Turkish
999 _c47044
_d47044